| 000 | 00898nam a22002537a 4500 | ||
|---|---|---|---|
| 005 | 20110810113757.0 | ||
| 008 | 110810t xxu||||| |||| 00| 0 eng d | ||
| 010 | _aENG-103528 | ||
| 020 |
_c749.00 _a9789389965292 |
||
| 035 | _aEN-87061 | ||
| 037 | _bDBAD/PUB | ||
| 040 |
_aDPL _bEng |
||
| 082 | _a270 | ||
| 100 |
_931629 _aMomin, A.R. |
||
| 245 |
_aThe Islamic world: _cby A.R. Momin _bdynamics of change and continuity / |
||
| 260 |
_aNew Delhi _bInstitute of Objective Studies _c2011 |
||
| 270 |
_bNew Delhi _a162, Jogabai Main Road, Jamia Nagar _e110025 _mmanzoor@ndf.vsnl.net.in _k91-11-26981187 _l91-11-26981104 |
||
| 300 |
_avii,491p. _c22cm (Hb) |
||
| 650 | _931639 | ||
| 700 | _931640 | ||
| 700 | _933627 | ||
| 942 |
_2ddc _cEN _mMOM _h270 |
||
| 999 |
_c55958 _d55958 |
||